| 000 | 00773nam a2200229Ia 4500 | ||
|---|---|---|---|
| 003 | GCL | ||
| 005 | 20240530095313.0 | ||
| 008 | 140319s9999 xx 000 0 ara d | ||
| 020 | _a0506086977 | ||
| 040 |
_aGCL / _cGCL |
||
| 082 | 0 | 4 |
_a913.32 _bق/ع م |
| 100 | 1 | _aعبدالحميد الكفافى | |
| 245 | 1 | 0 |
_aمن أسرار الحضارة المصرية / _cعبدالحميد الكفافى |
| 250 | _aالاولى | ||
| 260 |
_aالقاهرة : _bالدار العالمية للنشر والتوزيع ، _c2004 |
||
| 300 |
_a271 ص ؛ _c24 سم |
||
| 650 | 0 | 4 | _aالعمارة المصرية القديمة |
| 650 | 0 | 4 | _aمصر - الاثار الفرعونية |
| 650 | 0 | 4 | _aمصر - الاثار |
| 650 | 0 | 4 | _aسرقة الآثار |
| 942 |
_2ddc _cBK |
||
| 999 |
_c5973 _d5973 |
||